Smashing Pumpkins Songs by Lyrics - Statistics

General Stats
  • This quiz has been taken 169 times
  • The average score is 5 of 16
Answer Stats
Lyrics Song % Correct
Despite all my rage, I am still just a rat in a cage Bullet with Butterfly Wings
86%
Shakedown ____, Cool kids never have the time 1979
84%
I wanted more than life could ever grant me Today
70%
The killer in me is the killer in you Disarm
61%
She knows, she knows, she knows Rhinoceros
42%
Who wouldn't be the one you love? Stand Inside Your Love
35%
One last kiss for me yeah, one last kiss goodnight Soma
31%
She didn't wanna be, she didn't wanna know She couldn't run away 'cause she was crazy XYU
21%
I believe in never, I believe in all the wayBut belief is not to notice, belief is just some faith Thru the Eyes of Ruby
18%
Is it any wonder, I can't sleep? All I have is all you gave to me Eye
16%
Love is good and love is kind, Love is drunk and love is blindLove is good and love is mine, Love is drunk all the time Shame
14%
Blur like a rocket, Torch like a dying sunSnap like a dragon, Dive like a pelican Silvery Sometimes
10%
Lover let me please Fall onto your kneesYou once made me smile Then you strayed Being Beige
5%
If fear conquers easy I can lead onMilk from the flower, Blood from the dawn Bleeding the Orchid
4%
Out on the plains of Chickamongo Rode a lass who nigh could lasso straight Hooray
4%
Am I the only one you see? Raised from the path of revelry Violet Rays
3%
No matching quizzes found
Score Distribution
Percent of People with Each Score
Percentile by Number Answered
Your Score History
You have not taken this quiz